000 01230nam a2200349 a 4500
003 CHAP
005 20220817044352.0
008 100823s2008 mx r 00000 spa
010 _a99123
011 _a100095
020 _a9786071200006
035 _a110781
040 _cCHAP
082 1 4 _a301.5
_bF769 2008
111 2 _aForo Nacional sobre Presupuesto Rural (
_d2008 :
_cMéxico)
_942511
245 1 0 _aMemoria
_c/ por Camara de Diputados. LX Legislatura
260 _a[México, D.F.] :
_bCámara de Diputados LX Legislatura,
_c2008
300 _a391 p. :
_bgráfs., cuadros
590 _aBATCH-UPD
_b10
_c20130110
_lUCH01
_h0942
590 _aBATCH-UPD
_b10
_c20130410
_lUCH01
_h0557
590 _aBATCH-UPD
_b10
_c20130914
_lUCH01
_h0953
590 _aBATCH-UPD
_b10
_c20161129
_lUCH01
_h0958
590 _aBATCH-UPD
_b10
_c20161129
_lUCH01
_h1433
590 _aCONVERSION
_b10
_c20130109
_lUCH01
_h1355
650 1 4 _aDesarrollo rural
_xCongresos.
_932070
650 1 4 _aMéxico
_xCondiciones rurales.
650 1 4 _aPresupuesto.
_991543
710 1 _aCámara de Diputados,
_bLX Legislatura
_cLX Legislatura
_9175509
901 _aBK
942 _cLIBRO
949 _a301.5 F769 2008
_bBC
_cCONG
_d33724002137743
_eCONG
_h113297
_i110781
_sb
999 _c99123
_d99123